مكتبة جامعة عجلون الوطنية

فهرس بحث المكتبة

اثر الذكاء الاصطناعي على إجراءات التقاضي = The impact of Artificial Intelligence on Litigation Procedures (Record no. 34173)

MARC details
000 -LEADER
fixed length control field 00942nam a22001937a 4500
003 - CONTROL NUMBER IDENTIFIER
control field JO-AjAnu
005 - DATE AND TIME OF LATEST TRANSACTION
control field 20260418092500.0
008 - FIXED-LENGTH DATA ELEMENTS--GENERAL INFORMATION
fixed length control field 260418b jo ||||| |||| 00| 0 ara d
040 ## - CATALOGING SOURCE
Original cataloging agency ANU
Transcribing agency JO-AjAnu
041 ## - LANGUAGE CODE
Language code of original ARA
100 ## - MAIN ENTRY--PERSONAL NAME
Personal name البعول، كريستين فارس حسين
Relator term معد
9 (RLIN) 66942
245 ## - TITLE STATEMENT
Title اثر الذكاء الاصطناعي على إجراءات التقاضي = The impact of Artificial Intelligence on Litigation Procedures
Statement of responsibility, etc. / كريستين فارس حسين البعول؛ اشراف محمد الفريحات
260 ## - PUBLICATION, DISTRIBUTION, ETC.
Place of publication, distribution, etc. عجلون:
Name of publisher, distributor, etc. جامعة عجلون الوطنية؛
Date of publication, distribution, etc. 2026
300 ## - PHYSICAL DESCRIPTION
Extent 103 ورقة
500 ## - GENERAL NOTE
General note رسالة جامعية (رسالة ماجستير في القانون-كلية الحقوق) جامعة عجلون الوطنية؛ 2026
650 ## - SUBJECT ADDED ENTRY--TOPICAL TERM
Form subdivision الذكاء الاصطناعي-قوانين
700 ## - ADDED ENTRY--PERSONAL NAME
Personal name الفريحات، محمد
Relator term مشرف
9 (RLIN) 66943
942 ## - ADDED ENTRY ELEMENTS (KOHA)
Source of classification or shelving scheme Library of Congress Classification
Koha item type Thesis
Suppress in OPAC No
Holdings
Withdrawn status Lost status Source of classification or shelving scheme Damaged status Not for loan Home library Current library Date acquired Total Checkouts Full call number Barcode Date last seen Price effective from Koha item type
    Library of Congress Classification     مكتبة جامعة عجلون الوطنية مكتبة جامعة عجلون الوطنية 18/04/2026   K564.2026 A30642 18/04/2026 18/04/2026 Thesis
    Library of Congress Classification     مكتبة جامعة عجلون الوطنية مكتبة جامعة عجلون الوطنية 18/04/2026   K564.2026 A30643 18/04/2026 18/04/2026 Thesis